000 00535cam a2200193ua 4500
020 _cRs.130/-
041 _aeng
_h
082 _a639.2
_bSRE/FIS
100 _aSreekrishna, Y.
245 _aFishing gear and craft Technology /
_cSreekrishna, Letha shenoy.
_hTextual Documents
260 _aNew Delhi :
_bIndian Council for Agricultural Research ,
_c2000.
300 _a342 ; .
365 _aRs.130/-
504 _a
700 1 _aLatha, Shenoy .
700 1 _aSreekrishna, Y .
942 _cBK
999 _c11993
_d11993